| 000 | 00553ntaaa2200193 4500 | ||
|---|---|---|---|
| 003 | 01 | ||
| 005 | 20251027201544.0 | ||
| 008 | 0714s1973 ag 01 | ||
| 040 |
_aAR-BaBN _bspa _cAR-BaBN _eaacr _dRIC |
||
| 082 | _a229.0000 P47 | ||
| 100 |
_aPfeiffer, Robert H. _910935 |
||
| 245 | _aHistory of the New Testament Times; with an introduction to the Apocrypha. | ||
| 250 |
_a1 ed. : _bA. and C. Black, _c1949 |
||
| 300 | _axii, 561 p. | ||
| 650 | _aPeríodo Interbíblico | ||
| 650 |
_aApócrifo _9482 |
||
| 650 |
_aJudíos-Palestina _910201 |
||
| 942 | _cBK | ||
| 999 |
_c10167 _d10167 |
||